000 00319nam a2200133Ia 4500
005 20251222155203.0
008 251222s9999||||xx |||||||||||||| ||spa||
082 _aEMI. 12
100 _aCERRUTI Stella
245 0 _aSexualidad Humana - Aspecto Docencia E.S.
250 _a4ta. ed.
264 _bOPS/OMS
942 _cLIB
999 _c39989
_d39989